Two become one: (Record no. 14539)

000 -LEADER
fixed length control field 00844nam a2200217 a 4500
001 - CONTROL NUMBER
control field :::00012371$&:&@@
003 - CONTROL NUMBER IDENTIFIER
control field OkBaRHE
005 - DATE AND TIME OF LATEST TRANSACTION
control field 20000607103418.0
008 - FIXED-LENGTH DATA ELEMENTS--GENERAL INFORMATION
fixed length control field s1973 j 000 0 eng u
040 ## - CATALOGING SOURCE
Transcribing agency
100 1# - MAIN ENTRY--PERSONAL NAME
Personal name Petersen, J.Allan, et al.
245 10 - TITLE STATEMENT
Title Two become one:
Remainder of title Bible studies on marriage and the family for couples and groups.
260 ## - PUBLICATION, DISTRIBUTION, ETC. (IMPRINT)
Place of publication, distribution, etc Wheaton, IL., :
Name of publisher, distributor, etc Tyndale House Publishers
Date of publication, distribution, etc c1973
300 ## - PHYSICAL DESCRIPTION
Extent 127 p. ;
Dimensions c20 cm.
650 ## - SUBJECT ADDED ENTRY--TOPICAL TERM
Topical term or geographic name as entry element Marriage.
700 ## - ADDED ENTRY--PERSONAL NAME
Personal name Smith, Elven, Joint author.
700 ## - ADDED ENTRY--PERSONAL NAME
Personal name Smith, Joyce, Joint author.
942 ## - ADDED ENTRY ELEMENTS (KOHA)
Source of classification or shelving scheme
Koha item type Books
Copies
Damaged status Full call number Copy number Date acquired Permanent Location Lost status Shelving location Price effective from Source of classification or shelving scheme Current Location Koha item type Withdrawn status Date last seen Barcode Not for loan
 HQ 10 .P4712010-04-14RHEMA Bible Training College General Stacks2010-04-14 RHEMA Bible Training CollegeBooks 2010-04-1412371 
 HQ 10 .P4722010-04-14RHEMA Bible Training College General Stacks2010-04-14 RHEMA Bible Training CollegeBooks 2010-04-1419637